| 000 -LEADER |
| fixed length control field |
00685nam a2200229Ia 4500 |
| 001 - CONTROL NUMBER |
| control field |
2850 |
| 003 - CONTROL NUMBER IDENTIFIER |
| control field |
GE_BSU |
| 005 - DATE AND TIME OF LATEST TRANSACTION |
| control field |
20221116102223.0 |
| 008 - FIXED-LENGTH DATA ELEMENTS--GENERAL INFORMATION |
| fixed length control field |
181216s2007en xx |||||||||||||| ||eng|| |
| 020 ## - INTERNATIONAL STANDARD BOOK NUMBER |
| International Standard Book Number |
9783851323115 x |
| 040 ## - CATALOGING SOURCE |
| Transcribing agency |
GE_BSU |
| 041 ## - LANGUAGE CODE |
| Language code of text/sound track or separate title |
eng |
| 080 ## - UNIVERSAL DECIMAL CLASSIFICATION NUMBER |
| Universal Decimal Classification number |
1(430)+2(430) B-13 |
| 100 ## - MAIN ENTRY--PERSONAL NAME |
| Personal name |
Badiou, Alain |
| 9 (RLIN) |
15845 |
| 245 ## - TITLE STATEMENT |
| Title |
Gott ist tot.kurze abhandlung üuber eine ontologie des Übergangs Aus dem Französischen von Jürgen Brankel |
| 260 ## - PUBLICATION, DISTRIBUTION, ETC. |
| Place of publication, distribution, etc. |
Wien |
| 260 ## - PUBLICATION, DISTRIBUTION, ETC. |
| Date of publication, distribution, etc. |
2007 |
| 300 ## - PHYSICAL DESCRIPTION |
| Extent |
206 p. 20см. |
| 653 ## - INDEX TERM--UNCONTROLLED |
| keyword |
Golt ist tot |
| 653 ## - INDEX TERM--UNCONTROLLED |
| keyword |
kurze abhandlung üuber eine ontologie des Übergangs Aus dem Französischen von Jürgen Brankel |
| 942 ## - ADDED ENTRY ELEMENTS (KOHA) |
| Koha item type |
წიგნი |
| Source of classification or shelving scheme |
|